上海市拥有过境轨道交通线路最多的街道、乡镇 - Statistics

General Stats
  • This quiz has been taken 24 times
  • The average score is 22 of 57
Answer Stats
所属区县 街道 线路数量 % Correct
徐汇区 徐家汇街道 6
81%
浦东新区 陆家嘴街道 4
76%
静安区 南京西路街道 5
71%
黄浦区 南京东路街道 4
71%
浦东新区 张江镇 4
71%
静安区 静安寺街道 3
71%
黄浦区 豫园街道 3
67%
闵行区 虹桥镇 3
67%
杨浦区 五角场街道 3
62%
浦东新区 花木街道 7
57%
黄浦区 外滩街道 4
57%
浦东新区 祝桥镇 3
57%
浦东新区 康桥镇 3
52%
徐汇区 漕河泾街道 5
48%
闵行区 莘庄镇 4
48%
闵行区 七宝镇 3
48%
浦东新区 金桥镇 3
48%
黄浦区 淮海中路街道 5
43%
浦东新区 北蔡镇 5
43%
长宁区 虹桥街道 4
43%
虹口区 四川北路街道 4
43%
浦东新区 周家渡街道 4
43%
黄浦区 老西门街道 3
43%
浦东新区 川沙新镇 3
43%
普陀区 长寿路街道 6
38%
静安区 北站街道 5
38%
徐汇区 枫林路街道 4
38%
浦东新区 三林镇 4
38%
杨浦区 四平路街道 3
38%
徐汇区 湖南路街道 4
33%
徐汇区 斜土路街道 4
33%
长宁区 新华路街道 4
33%
徐汇区 天平路街道 3
33%
徐汇区 田林街道 6
29%
黄浦区 瑞金二路街道 4
29%
闵行区 梅陇镇 4
29%
浦东新区 洋泾街道 4
29%
普陀区 长风新村街道 6
24%
静安区 天目西路街道 5
24%
闵行区 新虹街道 4
24%
浦东新区 潍坊新村街道 4
24%
静安区 宝山路街道 3
24%
普陀区 真如镇街道 3
24%
虹口区 欧阳路街道 3
24%
杨浦区 平凉路街道 3
24%
浦东新区 上钢新村街道 3
24%
长宁区 天山路街道 4
19%
杨浦区 江浦路街道 4
19%
徐汇区 虹梅路街道 3
19%
普陀区 石泉路街道 3
19%
宝山区 顾村镇 3
19%
黄浦区 半淞园路街道 3
14%
长宁区 华阳路街道 3
14%
长宁区 周家桥街道 3
14%
虹口区 嘉兴路街道 3
14%
浦东新区 金杨新村街道 3
14%
浦东新区 浦兴路街道 3
10%
No matching quizzes found
Score Distribution
Percent of People with Each Score
Percentile by Number Answered
Your Score History
You have not taken this quiz